[Event "JUG-chT"]
[Site "Vrnjacka Banja"]
[Date "1999.??.??"]
[Round "5"]
[White "Cabrilo, Goran"]
[Black "Matovic, Petar"]
[Result "1-0"]
[WhiteElo "2466"]
[BlackElo "2252"]

1.c4 c6 2.e4 d5 3.exd5 cxd5 4.d4 e6 5.Nc3 Nf6 6.Nf3 Bb4 7.cxd5 Nxd5 8.Bd2 Nd7
9.Bd3 N7f6 10.O-O Be7 11.Ne5 O-O 12.Bg5 h6 13.Be3 Qd6 14.Qf3 Bd7 15.Qg3 Nxe3
16.fxe3 Bc6 17.Rf2 Nd7 18.Nxc6 Qxc6 19.Bb5 Qc8 20.Raf1 Nb6 21.Bd3 f5 22.Qf3 Bf6
23.g4 Nc4 24.gxf5 Bg5 25.Re2 Nxb2 26.Rxb2 Qxc3 27.Rb3 Qd2 28.Bc4 Rae8 29.Qf2 Qa5
30.h4 Bd8 31.Rxb7 Kh8 32.Qg3 Bf6 33.fxe6 Re7 34.Rxf6 gxf6 35.Rxe7 Rg8 36.Rh7+ Kxh7
37.Qxg8+ Kxg8 38.e7+ Kg7 39.e8=Q Qe1+ 40.Kg2 Qd2+ 41.Kh3 h5 42.Qf7+ Kh6 43.Qxf6+ Kh7
44.Qf5+ Kg7 45.Qg5+  1-0

[Event "Zaragoza op 11th"]
[Site "Zaragoza"]
[Date "1999.??.??"]
[Round "4"]
[White "Suba, Mihai"]
[Black "Tejero Royo, Fermin"]
[Result "1-0"]
[WhiteElo "2530"]
[BlackElo "2220"]

1.c4 c6 2.e4 d5 3.exd5 cxd5 4.d4 Nf6 5.Nc3 e6 6.Nf3 Be7 7.cxd5 Nxd5 8.Bd3 Nxc3
9.bxc3 Qa5 10.Qc2 Bd7 11.O-O Ba4 12.Qb2 b6 13.Bd2 Nd7 14.Rae1 Bc6 15.Ne5 Nxe5
16.Rxe5 Qa4 17.f4 O-O-O 18.Be3 Bf6 19.Bb5 Bxb5 20.Rxb5 Rd5 21.Rb4 Qa6 22.Qb3 Be7
23.Ra4 Ra5 24.Rxa5 Qxa5 25.f5 Bf6 26.fxe6 fxe6 27.Qxe6+ Kb7 28.Qb3 Rc8 29.c4 Qh5
30.c5 Bd8 31.d5 Bg5 32.Bxg5 Qxg5 33.c6+ Kb8 34.Qc4 Qe3+ 35.Kh1 Qe7 36.Qf4+  1-0

[Event "ch-CRO"]
[Site "Pula CRO"]
[Date "2000.01.13"]
[Round "7"]
[White "Rezan,S"]
[Black "Golubovic,B"]
[Result "1-0"]
[WhiteElo "2248"]
[BlackElo "2457"]

1.c4 c6 2.d4 d5 3.cxd5 cxd5 4.Nc3 Nc6 5.Nf3 Nf6 6.Bf4 a6 7.e3 Bg4 8.Bd3 e6
9.h3 Bxf3 10.Qxf3 Be7 11.Rc1 O-O 12.g4 Nd7 13.Bb1 Qb6 14.Qe2 Rfc8 15.Kf1 Na5
16.Kg2 Nc4 17.Bd3 Nxb2 18.Rb1 Rxc3 19.Rxb2 Qa7 20.a4 Ba3 21.Rbb1 a5 22.g5 Bb4
23.h4 Nf8 24.h5 b6 25.Rh3 Rac8 26.Rbh1 Rc1 27.Rxc1 Rxc1 28.g6 f5 29.gxh7+ Nxh7
30.Rg3 Bf8 31.e4 Rc8 32.exf5 Qf7 33.h6 exf5 34.hxg7 Be7 35.Qe5 Bh4 36.Rh3 Qg6+
37.Kf1 Qg4 38.Bxf5  1-0

[Event "1st Fraenkische GM"]
[Site "Pulvermuele GER"]
[Date "2000.01.16"]
[Round "4"]
[White "Bischoff,K"]
[Black "Hamdouchi,H"]
[Result "1/2-1/2"]
[WhiteElo "2509"]
[BlackElo "2520"]

1.c4 c6 2.Nf3 d5 3.e3 Nf6 4.Nc3 a6 5.a4 Bg4 6.d4 e6 7.Qb3 Ra7 8.Ne5 Bf5 9.a5 Nbd7
10.Nxd7 Nxd7 11.Bd2 Bd6 12.Be2 O-O 13.O-O Bc7 14.Qb4 Nf6 15.f4 dxc4 16.Bxc4 Nd5
17.Qa3 Ra8 18.Ne2 Rb8 19.Rac1 Bd6 20.Qb3 Nf6 21.Bb4 Ne4 22.Bxd6 Nxd6 23.Qa3 c5
24.Rfd1 Nxc4 25.Rxc4 Bg4 26.Re1 Bxe2 27.Rxe2 cxd4 28.Rxd4 Qc7 29.Red2 Rbc8
30.Rd7 Qc4 31.h3 Qb5 32.Kh2 h6  1/2-1/2

[Event "ch-CRO"]
[Site "Pula CRO"]
[Date "2000.01.17"]
[Round "11"]
[White "Rezan,S"]
[Black "Rogic,D"]
[Result "1-0"]
[WhiteElo "2291"]
[BlackElo "2494"]

1.c4 c6 2.Nc3 d5 3.cxd5 cxd5 4.d4 Nf6 5.Nf3 Nc6 6.Bf4 e6 7.e3 Nh5 8.Be5 Be7
9.Bd3 O-O 10.Rc1 a6 11.h4 f5 12.g3 Bd7 13.O-O Rc8 14.a3 Nf6 15.Bxf6 gxf6
16.Na4 Rc7 17.Nc5 Bc8 18.b4 Bd6 19.Bb1 Kh8 20.Ne1 Rg8 21.Ng2 Rcg7 22.Nf4 Qe8
23.Re1 Qf7 24.Kf1 e5 25.dxe5 fxe5 26.Qxd5 Qe7 27.Nfe6 Rf7 28.Ng5 Rf6 29.Ba2 Rgf8
30.Rcd1 Nd8 31.f4 e4 32.Re2 Bc7 33.Red2 h6 34.Nh3 Rd6 35.Qc4 Rxd2 36.Rxd2 b6
37.Nxa6 Qg7 38.Nxc7 Qxg3 39.Nf2 Qxh4 40.Rd6 Nf7 41.Qd4+ Kh7 42.Rf6  1-0

[Event "V Ubeda Open"]
[Site "Ubeda ESP"]
[Date "2000.01.25"]
[Round "7"]
[White "Sorokin,M"]
[Black "Hauchard,A"]
[Result "0-1"]
[WhiteElo "2572"]
[BlackElo "2513"]

1.c4 c6 2.Nf3 d5 3.e3 Nf6 4.Nc3 a6 5.Qb3 e6 6.d4 Bd6 7.Bd3 dxc4 8.Bxc4 b5
9.Be2 Nbd7 10.e4 e5 11.Bg5 h6 12.Bh4 Qe7 13.Rd1 O-O 14.O-O Re8 15.dxe5 Nxe5
16.Nd4 b4 17.Na4 c5 18.Nf5 Bxf5 19.exf5 Nc6 20.Bf3 Nd4 21.Rxd4 cxd4 22.Bxa8 Rxa8
23.Qd1 Qd8 24.Qd3 Be7 25.Rd1 Qa5 26.b3 Rd8 27.Re1 Rd7 28.Bxf6 Bxf6 29.g3 Rd8
30.Re2 Rc8 31.Rc2 Qd8 32.Rxc8 Qxc8 33.Nb2 Qc1+ 34.Nd1 Qa1 35.Qd2 d3 36.Qxd3 Qxa2
37.Ne3 a5 38.Nd5 a4 39.bxa4 b3 40.Qe4 b2  0-1

[Event "Bundesliga 1999-2000"]
[Site "Passau GER"]
[Date "2000.01.29"]
[Round "8"]
[White "Smejkal,J"]
[Black "Mueller,Ka"]
[Result "1/2-1/2"]
[WhiteElo "2526"]
[BlackElo "2527"]

1.c4 c6 2.e4 d5 3.exd5 cxd5 4.cxd5 Nf6 5.Nc3 Nxd5 6.Nf3 e6 7.Bb5+ Bd7 8.Bc4 Bc6
9.O-O Be7 10.d4 O-O 11.Ne5 Nxc3 12.bxc3 Bd5 13.Bxd5 Qxd5 14.c4 Qd8 15.Rb1 Qc7
16.Bf4 Bd6 17.c5 Bxe5 18.Bxe5 Qd7 19.Qb3 b6 20.Qg3 f6 21.Bd6 Rc8 22.Rfe1 Nc6
23.Qg4 Rd8 24.h3 bxc5 25.dxc5 e5 26.Qc4+ Kh8 27.Rb2 Rac8 28.Reb1 Nd4 29.Qd5 Qf5
30.Re1  1/2-1/2

[Event "5th It"]
[Site "Montecatini Terme ITA"]
[Date "2000.02.02"]
[Round "5"]
[White "Aldrovandi,C"]
[Black "Wagman,S"]
[Result "1-0"]
[WhiteElo "2328"]
[BlackElo "2188"]

1.c4 c6 2.b3 d5 3.Bb2 Nf6 4.Nf3 Bg4 5.d3 e6 6.Nbd2 Nbd7 7.g3 Be7 8.Bg2 O-O
9.h3 Bxf3 10.Bxf3 a5 11.a3 Nc5 12.O-O Re8 13.Qc2 Bf8 14.Kh2 e5 15.Bg2 Qd6
16.Rfd1 Qe6 17.Kg1 e4 18.d4 Ncd7 19.e3 h5 20.Nf1 a4 21.cxd5 cxd5 22.bxa4 Qa6
23.a5 Qxa5 24.a4 Rec8 25.Qb3 Rc4 26.Nd2 Rxa4 27.Bc3 Qa7 28.Bf1 Ra3 29.Rxa3 Qxa3
30.Qxb7 Rb8 31.Qc6 Rb6 32.Qc7 Qa4 33.Ra1 Qc6 34.Ra7 Qxc7 35.Rxc7 Bd6 36.Rc8+ Kh7
37.Kg2 g6 38.Be2 Kg7 39.Bd1 Rb8 40.Rc6 Rb6 41.Rc8 Rb8 42.Rxb8 Nxb8 43.Ba4 Kf8
44.Bb5 Ke7 45.Ba5 Nbd7 46.Nb1 Nf8 47.Nc3 Ne6 48.Bc6 Bc7 49.Bb4+ Bd6 50.Na2 Bxb4
51.Nxb4 Kd6 52.Ba4 Nc7 53.Kf1 Ne6 54.Nc6 Ng5 55.Kg2 Nd7 56.Nb4 Nf6 57.Bb5 Ne6
58.h4 Nc7 59.Ba4 Ne6 60.Kf1 Nc7 61.Nc6 Nd7 62.Nd8 Nb6 63.Nb7+ Ke7 64.Bc6 Nd7
65.Ke1 Nf6 66.Ba4 Ne6 67.Na5 Kd6 68.Nc6 Nd7 69.Na5 Nf6 70.Nb3 Nc7 71.Nd2 Ne6
72.Nf1 Ng4 73.Bd1 Nf6 74.Nh2 Nc7 75.Kd2 Ne6 76.Kc3 Nc7 77.Be2 Ne6 78.Bf1 Nc7
79.Kb4 Nd7 80.Bh3 Nf6 81.Ka5 Ne6 82.Kb6 Nd7+ 83.Kb7 Nf6 84.Nf1 Ng4 85.Bxg4 hxg4
86.Nh2 f5 87.Nf1 Nd8+ 88.Kb6 Nc6 89.Kb5 Nd8 90.Nd2 Ne6 91.Nb1 Nc7+ 92.Kb6 Ne6
93.Nc3 Nf8 94.Nb5+ Ke6 95.Kc6  1-0

[Event "NED-chT"]
[Site "Amsterdam NED"]
[Date "2000.02.05"]
[Round "1"]
[White "Sielecki,C"]
[Black "Strating,S"]
[Result "1/2-1/2"]
[WhiteElo "2416"]
[BlackElo "2334"]

1.c4 c6 2.Nf3 d5 3.g3 e6 4.Bg2 Nf6 5.O-O Be7 6.d4 b5 7.c5 Nbd7 8.Nbd2 O-O
9.Qc2 Ne8 10.e4 Nc7 11.Re1 a5 12.e5 Ba6 13.a3 b4 14.a4 f5 15.exf6 Bxf6 16.Nb3 Bc8
17.Bf4 Re8 18.h4 Nf8 19.Ne5 Bd7 20.Nd2 Re7 21.Ndf3 Be8 22.Bh3 Na6 23.b3 Nb8
24.Qd2 Qc8 25.Bg5 Nbd7 26.Nd3 Bg6 27.Nde5 Be4 28.Qf4 Ra7 29.Nxd7 Raxd7 30.Bxf6 Rf7
31.Ng5 Rxf6 32.Qe3 Bf5 33.Bxf5 Rxf5 34.Qd3 Rf6 35.Re2 Re7 36.Rae1 Qe8 37.Nf3 Nd7
38.Ne5 Nxe5 39.Rxe5 Qc8 40.Qe2 g6 41.Kg2 Kg7 42.h5 h6 43.hxg6 Qe8 44.Rh1 Qxg6
45.Rh4 Qb1 46.Rg4+ Kf8 47.Re3 Ref7 48.f4 Re7 49.Qd3 Qxd3 50.Rxd3 Kf7 51.Kh3 Rf5
52.Kh4 Re8 53.Re3 Kf6 54.Kh3  1/2-1/2

[Event "NED-chT"]
[Site "Amsterdam NED"]
[Date "2000.02.05"]
[Round "1"]
[White "Bosboom,M"]
[Black "Smeets,J"]
[Result "0-1"]
[WhiteElo "2461"]
[BlackElo "2178"]

1.c4 c6 2.d4 d5 3.Nc3 e6 4.e4 dxe4 5.Be3 Nf6 6.h3 c5 7.dxc5 Na6 8.Qxd8+ Kxd8
9.O-O-O+ Bd7 10.g4 Bxc5 11.Nge2 Ke7 12.g5 Bxe3+ 13.fxe3 Nh5 14.Rg1 Rac8 15.a3 Nc5
16.Kc2 a5 17.Rg4 h6 18.h4 Nd3 19.Rxe4 Nf2 20.Nd5+ Ke8 21.Nb6 Nxe4 22.Rxd7 Nc5
23.Rd4 Rd8 24.Bg2 hxg5 25.hxg5 Ng3 26.Nxg3 Rh2 27.Kc3 Rxg2 28.Nh5 Rxg5 29.Nf4 Rg3
30.Rxd8+ Kxd8 31.Kd4 Nd7  0-1

[Event "Extraliga CZE"]
[Site "Ostrava CZE"]
[Date "2000.02.05"]
[Round "8"]
[White "Pribyl,J"]
[Black "Sabol,M"]
[Result "1-0"]
[WhiteElo "2384"]
[BlackElo "2302"]

1.c4 c6 2.e4 d5 3.exd5 cxd5 4.d4 Nf6 5.Nc3 e6 6.Nf3 Be7 7.cxd5 Nxd5 8.Bd3 O-O
9.O-O Nc6 10.Re1 Nxc3 11.bxc3 Bf6 12.Qe2 g6 13.Qe4 Bg7 14.Bf1 Bd7 15.h4 Qa5
16.Bd2 Qf5 17.Qe3 Qf6 18.Rab1 b6 19.h5 Rad8 20.hxg6 hxg6 21.Qe4 Qf5 22.Qh4 Qh5
23.Qg3 Ne7 24.Ne5 Nf5 25.Qd3 Bxe5 26.Rxe5 Bc6 27.Be2 Qh4 28.Bf3 Bxf3 29.Qxf3 Kg7
30.g4 Rh8 31.Qg2 Kf8 32.gxf5 gxf5 33.Bg5 Qh7 34.Bxd8  1-0

[Event "Belgian Interteams 1999-2000"]
[Site "Antwerp BEL"]
[Date "2000.02.06"]
[Round "9"]
[White "Buhr,CC"]
[Black "Johannes,A"]
[Result "1/2-1/2"]
[WhiteElo "2335"]
[BlackElo "2198"]

1.c4 c6 2.Nf3 d5 3.e3 Nf6 4.Qc2 g6 5.b3 Bg7 6.Bb2 O-O 7.Be2 Re8 8.O-O Bf5
9.d3 a5 10.Nbd2 Na6 11.Rad1 b5 12.e4 Bg4 13.h3 Bxf3 14.Nxf3 e6 15.Be5 Nd7
16.Bxg7 Kxg7 17.Rd2 Qb6 18.d4 Nf6 19.e5 Ne4 20.c5 Qd8 21.Rdd1 Nb4 22.Qb2 a4
23.a3 axb3 24.Qxb3 Na6 25.Qe3 Nc7 26.g3 Ra4 27.h4 Qe7 28.Kg2 Rea8 29.Rd3 Na6
30.Rc1 Rc4 31.Rdd1 Ra4 32.Nh2 b4 33.f3 Nc3 34.Ng4 Kh8 35.Nf6 Qf8 36.h5 Nxd1
37.Qf4 Nc3 38.Bd3 Ra7 39.Rh1 Rxa3 40.Nxh7 Ra2+ 41.Kh3 Kxh7 42.hxg6+ Kg8 43.Kg4 Qg7
44.Rh7 fxg6 45.Rxg7+ Rxg7 46.Qf6 Nc7 47.Qd8+ Kh7 48.Qh4+ Kg8 49.Qd8+  1/2-1/2

[Event "Goodricke Open"]
[Site "Calcutta IND"]
[Date "2000.02.07"]
[Round "2"]
[White "Webster,A"]
[Black "Sorokin,M"]
[Result "1/2-1/2"]
[WhiteElo "2401"]
[BlackElo "2572"]

1.c4 c6 2.e4 d5 3.exd5 cxd5 4.cxd5 Nf6 5.Nc3 Nxd5 6.Nf3 e6 7.d4 Bb4 8.Bd2 Nc6
9.Bd3 O-O 10.O-O Be7 11.a3 Bf6 12.Qc2 g6 13.Bh6 Re8 14.Rad1 Nxc3 15.bxc3 Bd7
16.Qd2 Rc8 17.Rfe1 Bg7 18.h4 Qa5 19.Re4 e5 20.Bxg7 Kxg7 21.h5 Bf5 22.Rh4 e4
23.hxg6 Bxg6 24.Qh6+ Kg8 25.Bb1 Qxa3 26.Ng5 Qf8 27.Qxf8+ Kxf8 28.Bxe4 Kg7
29.Bxg6  1/2-1/2

[Event "Goodricke Open"]
[Site "Calcutta IND"]
[Date "2000.02.08"]
[Round "3"]
[White "Sorokin,M"]
[Black "Ramesh,R"]
[Result "1-0"]
[WhiteElo "2572"]
[BlackElo "2443"]

1.c4 c6 2.Nf3 Nf6 3.Nc3 d5 4.e3 e6 5.Qc2 Bd6 6.b3 O-O 7.Bb2 Nbd7 8.Be2 Qe7
9.O-O e5 10.cxd5 Nxd5 11.Ne4 Ba3 12.Ng3 Bxb2 13.Qxb2 Re8 14.Rfe1 N7f6 15.a3 e4
16.Nd4 c5 17.Nb5 Bd7 18.Rec1 Red8 19.Nc3 Bc6 20.Rc2 Rac8 21.Rac1 Nxc3 22.Rxc3 Bd7
23.h3 h6 24.b4 cxb4 25.axb4 Rc6 26.Rxc6 bxc6 27.Rc5 Qd6 28.Rc4 Re8 29.Rd4 Qe7
30.Qa3 Rb8 31.Qa5 Be8 32.Nf5 Qb7 33.Qe5 Kh7 34.Rxe4 Bd7 35.Nxg7 Rg8 36.Qxf6 Rxg7
37.Rh4  1-0

[Event "2nd Novak Nikolic mem"]
[Site "Belgrade YUG"]
[Date "2000.02.09"]
[Round "7"]
[White "Damljanovic,B"]
[Black "Zontakh,A"]
[Result "1/2-1/2"]
[WhiteElo "2534"]
[BlackElo "2576"]

1.c4 c6 2.e4 d5 3.exd5 cxd5 4.d4 Nf6 5.Nc3 e6 6.Nf3 Bb4 7.cxd5 Nxd5 8.Qc2 Nc6
9.a3 Ba5 10.Bb5 Nxc3 11.bxc3 Qd5 12.a4 a6 13.Bxc6+ Qxc6 14.O-O Qxc3 15.Qb1 Qb4
16.Qe4 Qe7 17.Qe5 Bd8 18.Qxg7 Qf6 19.Qg3 Qg6 20.Re1 Qxg3 21.hxg3 Be7 22.Rb1 Bd7
23.d5 b5 24.dxe6 fxe6 25.axb5 axb5 26.Nd4 Kf7 27.Nxb5 Rhb8 28.Nc3 Rxb1 29.Nxb1 Bc6
30.Be3 Bf6 31.Rc1 Bd5 32.Rc7+ Kg6 33.Nd2 h5 34.Nf3 Ra1+ 35.Kh2 Bxf3 36.gxf3 h4
37.Rc2 hxg3+ 38.fxg3 Re1 39.Bf2 Rb1 40.Rc6 Rb2 41.Kg1 Kf7 42.f4 Rd2 43.Rc4 Kg6
44.g4 Ra2 45.Kf1 Bd8 46.Be3 Bf6 47.Rc7 Bh8 48.Re7 Ra6 49.Ke2 Bf6 50.Re8 Kf7
51.Rc8 Ra3 52.Rc7+ Kg6 53.Rc4 Rb3 54.Kf3 Ra3 55.Ke4 Ra1 56.Rc6 Ra4+ 57.Kf3 Kf7
58.g5 Ba1 59.Rc7+ Kg6 60.Re7 Kf5 61.Rf7+ Kg6 62.Rb7 Kf5 63.Rb5+ e5 64.fxe5 Bxe5
65.g6 Ke6  1/2-1/2

[Event "Petroff Mem Open"]
[Site "St Petersburg RUS"]
[Date "2000.02.10"]
[Round "4"]
[White "Malaniuk,V"]
[Black "Riazantsev,A"]
[Result "1/2-1/2"]
[WhiteElo "2572"]
[BlackElo "2442"]

1.c4 c6 2.Nf3 d5 3.e3 Nf6 4.Nc3 e6 5.b3 Nbd7 6.Qc2 Bd6 7.Bb2 O-O 8.Be2 b6
9.d4 Bb7 10.O-O c5 11.cxd5 exd5 12.Nb5 Bb8 13.Bd3 a6 14.Nc3 c4 15.Bf5 b5
16.a3 Nb6 17.Rfe1 Re8 18.bxc4 Nxc4 19.Nd2 Bc8 20.Bxc8 Qxc8 21.Nxc4 Qxc4 22.Rac1 Qc7
23.g3 Qd7 24.e4 Ba7  1/2-1/2

[Event "Goodricke Open"]
[Site "Calcutta IND"]
[Date "2000.02.12"]
[Round "7"]
[White "Sorokin,M"]
[Black "Sasikiran,K"]
[Result "1/2-1/2"]
[WhiteElo "2572"]
[BlackElo "2514"]

1.c4 c6 2.Nf3 Nf6 3.d4 d5 4.e3 e6 5.Bd3 c5 6.O-O Nc6 7.Nc3 dxc4 8.Bxc4 Be7
9.a3 a6 10.dxc5 Bxc5 11.b4 Bd6 12.Bb2 O-O 13.Rc1 Qe7 14.Qc2 Bd7 15.Rfd1 Ne5
16.Ne4 Nxf3+ 17.gxf3 Nxe4 18.Qxe4 Bc6 19.Qd4  1/2-1/2

[Event "Steinitz Mem"]
[Site "Rio de Janeiro BRA"]
[Date "2000.02.12"]
[Round "3"]
[White "Fucs,P"]
[Black "Benares,R"]
[Result "0-1"]
[WhiteElo "2188"]
[BlackElo "2236"]

1.c4 c6 2.e4 e5 3.Nf3 f5 4.Nc3 Nf6 5.d3 d6 6.Be2 Be7 7.O-O O-O 8.Rb1 a5 9.a3 Na6
10.b4 axb4 11.axb4 Nc7 12.Qb3 Kh8 13.Bg5 Ne6 14.exf5 Nxg5 15.Nxg5 Bxf5 16.b5 d5
17.Ra1 Rxa1 18.Rxa1 Nd7 19.Nf3 Nc5 20.Qd1 Bf6 21.Rc1 Qd7 22.bxc6 bxc6 23.Na4 Ne6
24.Nb6 Qd6 25.cxd5 cxd5 26.Qb3 e4 27.Nxd5 exf3 28.Bxf3 Nd4 29.Qd1 Nxf3+ 30.Qxf3 Bg5
31.Re1 Bg6 32.Re6 Qd8  0-1

[Event "Masters KO"]
[Site "Cannes FRA"]
[Date "2000.02.19"]
[Round "1.2"]
[White "Haik,A"]
[Black "Anic,D"]
[Result "1-0"]
[WhiteElo "2388"]
[BlackElo "2499"]

1.c4 c6 2.d4 f5 3.Nc3 Nf6 4.Nf3 g6 5.g3 Bg7 6.Bg2 O-O 7.O-O Ne4 8.Qc2 Nxc3
9.Qxc3 d6 10.c5 Nd7 11.cxd6 exd6 12.Bd2 Nf6 13.Qc2 a5 14.Bc3 Qe7 15.Rfe1 Be6
16.Ng5 Bd5 17.e4 fxe4 18.Nxe4 Nxe4 19.Bxe4 Bxe4 20.Rxe4 Qf7 21.a3 Qd5 22.Rae1 b5
23.Qd2 a4 24.Qe2 b4 25.axb4 a3 26.bxa3 Rxa3 27.Rc1 c5 28.bxc5 dxc5 29.Bb2 Raf3
30.Rxc5 Qf7 31.Re7 Qa2 32.Rcc7 Bh6 33.d5 Qb1+ 34.Bc1  1-0

[Event "Masters KO"]
[Site "Cannes FRA"]
[Date "2000.02.19"]
[Round "1.2"]
[White "Mednis,E"]
[Black "Prie,E"]
[Result "1/2-1/2"]
[WhiteElo "2385"]
[BlackElo "2501"]

1.c4 c6 2.d4 d5 3.Nf3 Nf6 4.Qb3 e6 5.g3 dxc4 6.Qxc4 b5 7.Qc2 Bb7 8.Bg2 Nbd7
9.O-O c5 10.Be3 Rc8 11.dxc5 Bxc5 12.Bxc5 Nxc5 13.Nc3 b4 14.Nb5 Qb6 15.Nbd4 O-O
16.a3 a5 17.axb4 axb4 18.Qc4 Bxf3 19.Nxf3 Nce4 20.Qb3 Rfd8 21.e3 h6 22.h3 Nc5
23.Qa2 Nfe4 24.Rad1 Rxd1 25.Rxd1 Nxf2 26.Kxf2 Ne4+ 27.Kg1 Qxe3+ 28.Kh2 Rc2
29.Qa8+ Kh7 30.Rf1 Rxg2+ 31.Kxg2 Qe2+ 32.Kg1 Qe3+ 33.Kg2 Qe2+ 34.Kg1 Qe3+  1/2-1/2

[Event "Open"]
[Site "Cannes FRA"]
[Date "2000.02.21"]
[Round "2"]
[White "Soyer,J"]
[Black "Khalil,V"]
[Result "1-0"]
[WhiteElo "2159"]
[BlackElo "2072"]

1.c4 c6 2.e4 d5 3.exd5 cxd5 4.d4 Nf6 5.Nc3 Nc6 6.Nf3 e6 7.cxd5 Nxd5 8.Bd3 Be7
9.O-O O-O 10.Re1 Kh8 11.a3 b6 12.Nxd5 exd5 13.Qc2 Qd6 14.Bb5 Bd7 15.Bxc6 Rac8
16.Qe2 Bg4 17.Ba4 Bf6 18.Be3 Rc4 19.Bb3  1-0

[Event "Open"]
[Site "Cannes FRA"]
[Date "2000.02.21"]
[Round "2"]
[White "Laruelle,J"]
[Black "Nobili,D"]
[Result "1/2-1/2"]
[WhiteElo "2116"]
[BlackElo "2048"]

1.c4 c6 2.e4 d5 3.exd5 cxd5 4.cxd5 Nf6 5.Nc3 Nxd5 6.Bb5+ Bd7 7.Qb3 Nb6 8.Nf3 Nc6
9.d4 e6 10.O-O Be7 11.d5 exd5 12.Be3 Be6 13.Bxb6 axb6 14.Nd4 Qd6 15.Bxc6+ bxc6
16.Qxb6 Bd7 17.Qb3 Rb8 18.Qc2 g6 19.Rad1 O-O 20.a3 Bf6 21.b4 c5 22.Nde2 Bf5
23.Qc1 d4 24.Ng3 cxb4 25.Nxf5 gxf5 26.axb4 Rfc8 27.Qa3 Be5 28.Ne2 Bxh2+ 29.Kh1 Be5
30.f4 Bg7 31.Qd3 Rxb4 32.Qxf5 Rc5 33.Qg4 d3 34.Ng3 Qh6+ 35.Kg1 Qb6 36.Kh2 Qh6+
37.Kg1 Qb6  1/2-1/2

[Event "ch-Serbia"]
[Site "Kragujevac YUG"]
[Date "2000.02.23"]
[Round "5"]
[White "Urosevic,R"]
[Black "Miljkovic,Mir"]
[Result "0-1"]
[WhiteElo "2291"]
[BlackElo "2240"]

1.c4 c6 2.Nc3 d5 3.e3 Nf6 4.Nf3 e6 5.b3 Nbd7 6.Bb2 Bd6 7.Rc1 O-O 8.Be2 e5
9.cxd5 Nxd5 10.Ne4 Bc7 11.Ba3 Re8 12.Qc2 N7f6 13.Bc4 h6 14.h3 Nxe4 15.Qxe4 Nf6
16.Qc2 Be6 17.O-O Bd5 18.Be2 Ne4 19.Rfd1 Ng5 20.Ne1 Qf6 21.Bb2 Qd6 22.Qc5 Qg6
23.Kf1 Re6 24.Qc2 Qf6 25.d3 Bb6 26.Bg4 Ree8 27.Qe2 Be6 28.Kg1 Rad8 29.Nc2 Qg6
30.Bxe6 Rxe6 31.Kf1 Qf5 32.d4 exd4 33.Bxd4 Red6 34.Bxb6 axb6 35.Rxd6 Rxd6
36.Nd4 Qd7 37.h4 Ne4 38.Qc2 Qg4 39.Nf3 Rg6 40.Ke2 Nxf2 41.h5 Rg5 42.Rg1 Ne4
43.Qc4 Rc5 44.Qa4 Nc3+  0-1

[Event "Masters"]
[Site "Monaco MNC"]
[Date "2000.02.23"]
[Round "4"]
[White "Kosten,A"]
[Black "Efimov,I"]
[Result "1/2-1/2"]
[WhiteElo "2511"]
[BlackElo "2537"]

1.c4 c6 2.Nf3 d5 3.g3 g6 4.Bg2 Bg7 5.cxd5 cxd5 6.d4 Nc6 7.Nc3 Nh6 8.b3 Nf5
9.e3 h5 10.h3 b6 11.O-O Ba6 12.Re1 Rc8 13.Ba3 e6 14.Rc1  1/2-1/2

[Event "Open"]
[Site "Cannes FRA"]
[Date "2000.02.24"]
[Round "5"]
[White "Duverlie,V"]
[Black "Konieczny,S"]
[Result "1-0"]
[WhiteElo "2193"]
[BlackElo "2087"]

1.c4 c6 2.Nf3 d5 3.e3 Nf6 4.b3 Bf5 5.Bb2 e6 6.h3 h6 7.d3 Nbd7 8.Nbd2 Bd6
9.Qc2 Bh7 10.g3 O-O 11.Be2 a5 12.O-O Qc7 13.Kg2 Rfc8 14.e4 dxe4 15.dxe4 Rd8
16.Bc3 Nc5 17.Qb2 Ncxe4 18.Nxe4 Bxe4 19.Rad1 Ne8 20.Kh2 Be7 21.Ne5 f6 22.Nf3 e5
23.Rfe1 Qb6 24.Kg2 Bc5 25.Bf1 Rxd1 26.Rxd1 Rd8 27.Rxd8 Qxd8 28.Qe2 Bh7 29.Nh4 Bb4
30.Bxb4 axb4 31.Qg4 Nc7 32.Nf5 Kh8  1-0

[Event "Open"]
[Site "Cannes FRA"]
[Date "2000.02.25"]
[Round "6"]
[White "Van Hoolandt,P"]
[Black "Smith,AP"]
[Result "0-1"]
[WhiteElo "2098"]
[BlackElo "2231"]

1.c4 c6 2.Nf3 d5 3.b3 a5 4.e3 a4 5.cxd5 cxd5 6.Bb5+ Bd7 7.bxa4 Nc6 8.Nc3 e6
9.O-O Nf6 10.Bb2 Bd6 11.d3 O-O 12.e4 d4 13.Ne2 e5 14.Nd2 Na5 15.Rb1 Be8 16.Nc1 Nd7
17.Ncb3 Nb6 18.Nxa5 Rxa5 19.Qb3 Nxa4 20.Bxe8 Rxe8 21.Qxb7 Nc5 22.Qc6 Rxa2
23.Nc4 Bf8 24.Rfd1 Na4 25.Ra1 Nxb2 26.Rxa2 Nxd1 27.Ra7 Qf6  0-1

[Event "Metalis Open"]
[Site "Bizovac CRO"]
[Date "2000.02.26"]
[Round "5"]
[White "Feletar,D"]
[Black "Mrkonjic,N"]
[Result "1/2-1/2"]
[WhiteElo "2410"]
[BlackElo "2285"]

1.c4 c6 2.Nf3 Nf6 3.d4 g6 4.Nc3 d5 5.Qb3 Bg7 6.cxd5 cxd5 7.Bg5 Nc6 8.e3 e6
9.Bd3 O-O 10.O-O Qa5 11.a3 Nd7 12.Bf4 e5 13.Nxe5 Ndxe5 14.dxe5 Nxe5 15.Be2 Be6  1/2-1/2

[Event "NED-chT"]
[Site "Hengelo NED"]
[Date "2000.02.26"]
[Round "3"]
[White "Bosboom,M"]
[Black "Kroeze,F"]
[Result "1-0"]
[WhiteElo "2461"]
[BlackElo "2359"]

1.c4 c6 2.Nf3 d5 3.Qc2 Nf6 4.g3 Bg4 5.Bg2 Nbd7 6.d3 e6 7.O-O Bd6 8.Nc3 O-O
9.cxd5 exd5 10.e4 Re8 11.h3 Bh5 12.Nh4 dxe4 13.dxe4 Nc5 14.f4 Nfd7 15.e5 Bf8
16.Be3 f6 17.Ne4 Na6 18.a3 fxe5 19.Ng5 Nf6 20.fxe5 Rxe5 21.Rxf6 Rxg5 22.Rxf8+ Kxf8
23.Rf1+ Kg8 24.Bxg5 Qxg5 25.Qb3+ Kh8 26.Qxb7 Qe3+ 27.Kh2 Re8 28.Qxa6 Be2
29.Qxc6 Bxf1 30.Bxf1 Rb8 31.Bg2 Qb6 32.b4 Qf2 33.a4 Qd4 34.Qc7 Rf8 35.Nf5 Qf6
36.Nd6 Qd4 37.Qe7 Rb8 38.Nf7+ Kg8 39.Qe6  1-0

[Event "Oz.com qualifier blitz"]
[Site "Internet ICC"]
[Date "2000.03.05"]
[Round "3"]
[White "Green,G"]
[Black "Liiva,R"]
[Result "0-1"]
[WhiteElo "2172"]
[BlackElo "2420"]

1.c4 c6 2.Nf3 d5 3.b3 Bg4 4.e3 Nd7 5.Bb2 Ngf6 6.Be2 e6 7.O-O Be7 8.d3 O-O
9.Nbd2 a5 10.Ne5 Bxe2 11.Qxe2 a4 12.Ndf3 Qb6 13.bxa4 Rxa4 14.Bd4 Qa6 15.Rfc1 Ra8
16.Rc3 c5 17.Nxd7 Nxd7 18.Be5 Rxa2 19.Rxa2 Qxa2 20.Qxa2 Rxa2 21.g3 Nxe5 22.Nxe5 Bf6
23.f4 Bxe5 24.fxe5 dxc4 25.Rxc4 b6 26.d4 Ra5 27.Rc1 Rb5 28.e4 Rb4 29.dxc5 bxc5
30.Rxc5 g5 31.Kf2 Rxe4 32.Kf3 Ra4 33.h3 Kg7 34.Rc8 Ra5 35.Ke4 Ra3 36.h4 gxh4
37.gxh4 Rh3 38.Rc1 Rxh4+ 39.Kf3 h5 40.Rg1+ Rg4 41.Rh1 Kg6 42.Ra1 Kf5 43.Rh1 h4
44.Re1 h3 45.Rh1 Rh4 46.Kg3 Rh7  0-1

[Event "Oz.com qualifier blitz"]
[Site "Internet ICC"]
[Date "2000.03.05"]
[Round "3"]
[White "Betaneli,A"]
[Black "Lakdawala,C"]
[Result "0-1"]
[WhiteElo "2244"]
[BlackElo "2441"]

1.c4 c6 2.e4 d5 3.exd5 cxd5 4.cxd5 Nf6 5.Qa4+ Nbd7 6.Nc3 g6 7.Qb3 Bg7 8.Bc4 O-O
9.Nge2 a6 10.a4 Nb6 11.d3 Nxc4 12.dxc4 e6 13.O-O exd5 14.cxd5 b6 15.Be3 Rb8
16.Rfd1 Ng4 17.Bf4 Rb7 18.h3 Ne5 19.Rd2 Rd7 20.Rad1 Re8 21.Be3 Rb7 22.Bd4 Qh4
23.f4 Nd7 24.Bxg7 Kxg7 25.Rd4 Nc5 26.Qc4 Bxh3 27.gxh3 Qxh3 28.Ne4 Rbe7 29.Qc3 Qg4+
30.N2g3 Nxe4 31.Rxe4+ Kg8 32.Ree1 Qxf4 33.Rxe7 Rxe7 34.d6 Re3 35.Qxe3 Qxe3+
36.Kg2 Qb3 37.Rd2 Qb4 38.Nf1 Qe4+ 39.Kh2 Qh4+ 40.Kg2 Qg5+ 41.Kh2 Qd8 42.d7 Kf8
43.Ne3 Ke7 44.Nc4 Qc7+ 45.Kh3 Kd8 46.Nd6 Qxd7+  0-1

[Event "Oz.com qualifier blitz"]
[Site "Internet ICC"]
[Date "2000.03.05"]
[Round "3"]
[White "Gunnarsson,J"]
[Black "Halldorsson,Br"]
[Result "1-0"]
[WhiteElo "2400"]
[BlackElo "2243"]

1.c4 c6 2.Nf3 d5 3.e3 Nf6 4.Nc3 Bg4 5.Be2 e6 6.O-O Nbd7 7.b3 Be7 8.Bb2 O-O
9.h3 Bh5 10.d3 Qc7 11.Rc1 Rad8 12.Qc2 Rfe8 13.Qb1 Qb8 14.e4 dxe4 15.dxe4 Ne5
16.Nxe5 Bxe2 17.Nxe2 Rd2 18.Ng3 Bc5 19.Bc3 Rdd8 20.Rcd1 Bd6 21.f4 b5 22.Kh2 Qb6
23.Ng4 Nxg4+ 24.hxg4 b4 25.Bd4 c5 26.Be3 a5 27.e5 Be7 28.Qe4 a4 29.Rxd8 Rxd8
30.f5 Bf8 31.Nh5 Qa6 32.Nf4 exf5 33.gxf5 Qh6+ 34.Nh3 Qh5 35.g4  1-0

[Event "Oz.com qualifier blitz"]
[Site "Internet ICC"]
[Date "2000.03.05"]
[Round "5"]
[White "Reis,P"]
[Black "Schormann,C"]
[Result "1-0"]
[WhiteElo "2280"]
[BlackElo "2102"]

1.c4 c6 2.d4 d5 3.Nf3 Nf6 4.Qc2 dxc4 5.Qxc4 Bf5 6.Nc3 e6 7.g3 Nbd7 8.Bg2 Ne4
9.O-O Be7 10.Rd1 O-O 11.Nd2 Nxd2 12.Rxd2 Qa5 13.e4 Bg6 14.Rd1 Rfd8 15.Be3 Bf6
16.b4 Qh5 17.h3 Rac8 18.Rac1 e5 19.d5 cxd5 20.Qxd5 Nb6 21.Qb3 Rxd1+ 22.Nxd1 Rxc1
23.Bxc1 Qe2 24.Be3 Qc4 25.Bxb6 Qxb3 26.axb3 axb6 27.Ne3 Bd8 28.Nc4 f6 29.b5 Be8
30.Nd6 Bxb5 31.Nxb5  1-0

[Event "Oz.com qualifier blitz"]
[Site "Internet ICC"]
[Date "2000.03.05"]
[Round "9"]
[White "Reis,P"]
[Black "Porper,E"]
[Result "0-1"]
[WhiteElo "2280"]
[BlackElo "2436"]

1.c4 c6 2.d4 d5 3.Nf3 Nf6 4.e3 a6 5.a4 dxc4 6.Bxc4 a5 7.O-O e6 8.Nc3 Bb4
9.Qe2 Nbd7 10.e4 b6 11.Bf4 Bb7 12.Rfd1 Qe7 13.e5 Nd5 14.Nxd5 exd5 15.Bd3 Nf8
16.Bg5 Qc7 17.Rac1 Ne6 18.Be3 g6 19.Ng5 Qe7 20.Nxe6 fxe6 21.Qg4 Qf7 22.Bg5 Be7
23.Bxe7 Qxe7 24.h4 O-O-O 25.g3 Rdf8 26.Qe2 Kb8 27.Ba6 Ba8 28.Qd2 Ka7 29.Be2 h6
30.Qd3 Bb7 31.Qxg6 Rfg8 32.Qh5 c5 33.Bb5 c4 34.Rc3 Ba6 35.Rf3 Rg7 36.Rf6 Bxb5
37.axb5 Qd7 38.Rxh6 Rf8 39.Rh8 Rff7 40.Qh6 Qxb5 41.Qxe6 Qxb2 42.Rf1 Qxd4
43.Qc6 Rxg3+ 44.Kh2 Rxf2+ 45.Kxg3 Qf4+  0-1